Egypt's republic in its first year, (Record no. 549888)
[ view plain ]
| 000 -LEADER | |
|---|---|
| fixed length control field | 00540cam a22001451 4500 |
| 082 ## - DEWEY DECIMAL CLASSIFICATION NUMBER | |
| Classification number | 962 |
| Author Mark | KHA |
| -- | L-28, P-1 |
| 100 1# - MAIN ENTRY--PERSONAL NAME | |
| Personal name | Khadr, Hassan. |
| 9 (RLIN) | 46584 |
| 245 10 - TITLE STATEMENT | |
| Title | Egypt's republic in its first year, |
| Statement of responsibility, etc. | by Hassan Khadr and Amin Hassouna. |
| 260 ## - PUBLICATION, DISTRIBUTION, ETC. | |
| Place of publication, distribution, etc. | [Cairo?] |
| Name of publisher, distributor, etc. | Dept. of Public Relations of the Egyptian Armed Forces, |
| Date of publication, distribution, etc. | 1954. |
| 300 ## - PHYSICAL DESCRIPTION | |
| Extent | 215 p. |
| Other physical details | illus. |
| Dimensions | 24 cm. |
| 500 ## - GENERAL NOTE | |
| General note | L. C. copy imperfect: leaf following t. p. removed. |
| 526 ## - STUDY PROGRAM INFORMATION NOTE | |
| Program name | 0 |
| Interest level | 0 |
| Reading level | 0 |
| Title point value | 962_000000000000000_KHA |
| 700 1# - ADDED ENTRY--PERSONAL NAME | |
| Personal name | Hassūnah, Muḥammad Amīn, |
| 9 (RLIN) | 46585 |
| 942 ## - ADDED ENTRY ELEMENTS (KOHA) | |
| Source of classification or shelving scheme | |
| Koha item type | Book |
| Withdrawn status | Lost status | Source of classification or shelving scheme | Damaged status | Not for loan | Permanent Location | Current Location | Date acquired | Total Checkouts | Full call number | Barcode | Date last seen | Price effective from | Koha item type |
|---|---|---|---|---|---|---|---|---|---|---|---|---|---|
| Military College of Engineering (MCE) | Military College of Engineering (MCE) | 10/15/2014 | 962 KHA | MCE-30976 | 10/15/2014 | 10/15/2014 | Book |
